00485 2200181 4500001002100000005001500021035002000036007000300056008004100059020002200100082001000122084001600132100002100148245004000169260003300209300004600242650001500288INLIS00000000000037320221027124934 a0010-1022000115ta221027 a 1 ind  a978-979-099-430-0 a398.2 a398.2 ANI n0 aanies listyowati1 aNami sakit gigi /canies listyowati aJakarta :bErlangga For Kids a22 halaman :bilustrasi berwarna ;c22 cm 4afiksi anak